000 00482cam a22002054a 4500
005 20250605164319.0
008 250528s ||||||||||||||||||||||||d
035 _a22814
020 _a9780072836202
040 _aGR-AtMCL
_bgre
_dGR-AtMCL
_eAACR2
245 1 _aINTRODUCTION TO UNIX
250 _a1
260 _bMcgraw Hill,
_c2003
300 _a407
700 1 _aMerlino Joe
_98486
700 1 _aWrightson Kate
_98487
942 _cBK
999 _c7859
_d7859